00612nam a22001697a 4500003001100000005001700011008004100028040003900069041000800108082001600116100001800132245008800150260008300238300002700321650004600348650004800394LK-CoMWRAF20240315134719.0231219b1980 |||||||| |||| 00| 0 eng d aLK-CoMWRAFdLK-CoMWRAFeLK-CoMWRAF aeng a305.42bABB aAbbasi, M. B. aSocio-economic characteristics of women in Sind : bissues affecting women's status aKarachi : bSind Regional Plan Organisation, Economic Studies Centre,c [1980] aviii., 126 p. ; 26 cm. aWomen--Pakistan--Sindh--Social conditions aWomen--Pakistan--Sindh--Economic conditions